[Event "African Games Rapid Open 2019"]
[Site "Casablanca"]
[Date "2019.08.27"]
[Round "9.13"]
[White "Ebosse, Kingue Victor Patric"]
[Black "Mushore, Emarald Takudzwa"]
[Result "0-1"]
[WhiteElo "2055"]
[BlackElo "2198"]
[Annotator "NA"]
[PlyCount "96"]
[EventDate "2019.08.26"]
[EventType "team-tourn"]
[EventCountry "MAR"]
[SourceTitle "playchess.com"]
[Source "ChessBase"]
[SourceQuality "1"]
[TimeControl "900+10"]

1. e4 {[%emt 0:00:00]} e5 {[%emt 0:00:00]} 2. Nf3 {[%emt 0:00:00]} Nc6 {[%emt 0:00:00]} 3. Bb5 {[%emt 0:00:00]} a6 {[%emt 0:00:00]} 4. Ba4 {[%emt 0:00:01]} Nf6 {[%emt 0:00:00]} 5. d3 {[%emt 0:00:01]} d6 {[%emt 0:00:00]} 6. O-O g6 7. c3 {[%emt 0:00:06]} Bg7 {[%emt 0:00:00]} 8. Ng5 {[%emt 0:01:05]} h6 {[%emt 0:00:09]} 9. Nf3 {[%emt 0:00:24]} O-O 10. h3 Bd7 {[%emt 0:00:04]} 11. Be3 {[%emt 0:00:01]} Qe7 {[%emt 0:00:03]} 12. Re1 {[%emt 0:00:07]} Kh7 {[%emt 0:00:02]} 13. Nbd2 {[%emt 0:00:03]} Nd8 {[%emt 0:00:12]} 14. d4 {[%emt 0:00:47]} exd4 {[%emt 0:00:51]} 15. cxd4 {[%emt 0:00:25]} Rc8 {[%emt 0:00:26]} 16. Bb3 {[%emt 0:00:10]} Be6 {[%emt 0:00:04]} 17. d5 {[%emt 0:00:32]} Bd7 {[%emt 0:00:02]} 18. Bd4 {[%emt 0:00:12]} c5 {[%emt 0:00:50]} 19. Bc3 {[%emt 0:00:16]} b5 {[%emt 0:00:02]} 20. e5 {[%emt 0:00:27]} Nh5 {[%emt 0:00:15]} 21. exd6 {[%emt 0:00:15]} Qxd6 {[%emt 0:00:01]} 22. Ne4 {[%emt 0:00:42]} Qb6 {[%emt 0:00:30]} 23. Bxg7 {[%emt 0:00:29]} Kxg7 {[%emt 0:00:10]} 24. Qd2 {[%emt 0:01:07]} Nf6 {[%emt 0:01:05]} 25. Qf4 {[%emt 0:02:03]} Nxe4 {[%emt 0:00:06]} 26. Rxe4 {[%emt 0:00:13]} Qf6 {[%emt 0:00:12]} 27. Qe3 {[%emt 0:01:32]} Nb7 {[%emt 0:00:07]} 28. Re1 {[%emt 0:01:47]} Rfe8 {[%emt 0:01:50]} 29. Re7 {[%emt 0:01:42]} Nd6 {[%emt 0:00:04]} 30. Qe5 {[%emt 0:00:21]} Qxe5 {[%emt 0:01:25]} 31. R1xe5 {[%emt 0:00:17]} Rcd8 {[%emt 0:00:11]} 32. g4 {[%emt 0:00:53]} Kf6 {[%emt 0:00:03]} 33. Rxe8 {[%emt 0:00:17]} Rxe8 {[%emt 0:00:01]} 34. Rxe8 {[%emt 0:00:03]} Bxe8 {[%emt 0:00:04]} 35. h4 {[%emt 0:00:10]} Bd7 {[%emt 0:00:07]} 36. g5+ {[%emt 0:00:08]} hxg5 {[%emt 0:00:01]} 37. hxg5+ {[%emt 0:00:10]} Kf5 {[%emt 0:00:01]} 38. Bc2+ {[%emt 0:00:36]} Kf4 {[%emt 0:00:02]} 39. Kg2 {[%emt 0:00:33]} Bh3+ {[%emt 0:00:02]} 40. Kxh3 {[%emt 0:00:03]} Kxf3 {[%emt 0:00:01]} 41. a4 {[%emt 0:01:18]} Kxf2 {[%emt 0:00:05]} 42. axb5 {[%emt 0:00:02]} axb5 {[%emt 0:00:01]} 43. Kg4 {[%emt 0:00:05]} Ke3 {[%emt 0:00:01]} 44. Bd1 {[%emt 0:00:16]} Nc4 {[%emt 0:00:10]} 45. Bb3 {[%emt 0:00:41]} Nd6 {[%emt 0:00:26]} 46. Ba2 {[%emt 0:00:17]} c4 {[%emt 0:00:02]} 47. b4 {[%emt 0:00:11]} Ke4 {[%emt 0:00:11]} 48. Bb1+ {[%emt 0:00:23]} Kxd5 {[%emt 0:00:01]} 0-1

[Event "African Games Rapid Open 2019"]
[Site "Casablanca"]
[Date "2019.08.27"]
[Round "9.14"]
[White "Traore, Bakary"]
[Black "Kouya, Tyeoulou Bernardin F"]
[Result "1-0"]
[WhiteElo "2189"]
[BlackElo "1770"]
[Annotator "NA"]
[PlyCount "85"]
[EventDate "2019.08.26"]
[EventType "team-tourn"]
[EventCountry "MAR"]
[SourceTitle "playchess.com"]
[Source "ChessBase"]
[SourceQuality "1"]
[TimeControl "900+10"]

1. e4 {[%emt 0:00:00]} c5 {[%emt 0:00:00]} 2. Nf3 {[%emt 0:00:00]} d6 {[%emt 0:00:00]} 3. d4 {[%emt 0:00:00]} cxd4 {[%emt 0:00:00]} 4. Nxd4 {[%emt 0:00:00]} Nf6 {[%emt 0:00:00]} 5. Nc3 {[%emt 0:00:00]} a6 {[%emt 0:00:00]} 6. Bg5 {[%emt 0:00:01]} e6 {[%emt 0:00:00]} 7. f4 {[%emt 0:00:02]} Be7 {[%emt 0:00:01]} 8. Qf3 {[%emt 0:00:01]} Qc7 {[%emt 0:00:24]} 9. O-O-O {[%emt 0:00:06]} b5 {[%emt 0:00:07]} 10. g4 {[%emt 0:00:11]} Bb7 {[%emt 0:00:10]} 11. a3 {[%emt 0:00:09]} Nc6 {[%emt 0:00:11]} 12. Bxf6 {[%emt 0:01:23]} gxf6 {[%emt 0:00:08]} 13. f5 {[%emt 0:00:11]} Nxd4 {[%emt 0:00:19]} 14. Rxd4 {[%emt 0:00:02]} Rc8 {[%emt 0:00:16]} 15. Be2 {[%emt 0:01:02]} Qc5 {[%emt 0:00:11]} 16. Rhd1 {[%emt 0:00:04]} d5 {[%emt 0:00:55]} 17. fxe6 {[%emt 0:00:21]} fxe6 {[%emt 0:00:09]} 18. exd5 {[%emt 0:00:09]} Bxd5 {[%emt 0:00:06]} 19. Qd3 {[%emt 0:00:34]} Bc4 {[%emt 0:00:18]} 20. Qd2 {[%emt 0:00:22]} Bxe2 {[%emt 0:00:13]} 21. Qxe2 {[%emt 0:00:05]} Kf7 {[%emt 0:00:06]} 22. Ne4 {[%emt 0:00:33]} Qe5 {[%emt 0:00:41]} 23. Rd7 {[%emt 0:00:20]} Rhd8 {[%emt 0:01:47]} 24. Nd6+ {[%emt 0:00:35]} Kf8 {[%emt 0:00:15]} 25. Qxe5 {[%emt 0:00:04]} fxe5 {[%emt 0:00:30]} 26. Nxc8 {[%emt 0:00:24]} Rxc8 {[%emt 0:00:02]} 27. Ra7 {[%emt 0:00:23]} Kf7 {[%emt 0:00:48]} 28. Rf1+ {[%emt 0:00:16]} Ke8 {[%emt 0:00:13]} 29. Rxa6 {[%emt 0:00:04]} Bg5+ {[%emt 0:00:03]} 30. Kb1 {[%emt 0:00:02]} Ke7 {[%emt 0:00:01]} 31. Ra7+ {[%emt 0:00:04]} Kd6 {[%emt 0:00:01]} 32. Rd1+ {[%emt 0:00:04]} Kc5 {[%emt 0:00:03]} 33. Rxh7 {[%emt 0:00:03]} e4 {[%emt 0:00:07]} 34. h4 {[%emt 0:00:02]} Bf6 {[%emt 0:00:06]} 35. Rh6 {[%emt 0:00:02]} Rf8 {[%emt 0:00:03]} 36. g5 {[%emt 0:00:02]} Bd4 {[%emt 0:00:08]} 37. Rxe6 {[%emt 0:00:04]} e3 {[%emt 0:00:01]} 38. Re1 {[%emt 0:00:12]} Kd5 {[%emt 0:00:08]} 39. R6xe3 {[%emt 0:00:03]} Bxe3 {[%emt 0:00:02]} 40. Rxe3 {[%emt 0:00:01]} Rf4 {[%emt 0:00:03]} 41. Rg3 {[%emt 0:00:05]} Ke6 {[%emt 0:00:03]} 42. h5 {[%emt 0:00:02]} Rh4 {[%emt 0:00:01]} 43. g6 {[%emt 0:00:02]} 1-0

[Event "African Games Rapid Open 2019"]
[Site "Casablanca"]
[Date "2019.08.27"]
[Round "9.15"]
[White "Gohil, Mehul"]
[Black "Hassan, Sidi Mohamed cheikh"]
[Result "1-0"]
[WhiteElo "2076"]
[BlackElo "1752"]
[Annotator "NA"]
[PlyCount "53"]
[EventDate "2019.08.26"]
[EventType "team-tourn"]
[EventCountry "MAR"]
[SourceTitle "playchess.com"]
[Source "ChessBase"]
[SourceQuality "1"]
[TimeControl "900+10"]

1. d4 {[%emt 0:00:00]} e6 {[%emt 0:00:00]} 2. c4 {[%emt 0:00:00]} f5 {[%emt 0:00:00]} 3. Nf3 {[%emt 0:00:12]} Nf6 {[%emt 0:00:00]} 4. e3 {[%emt 0:00:03]} b6 {[%emt 0:00:05]} 5. Nc3 {[%emt 0:00:06]} Bb4 {[%emt 0:00:08]} 6. Bd3 {[%emt 0:00:21]} Bb7 {[%emt 0:00:02]} 7. O-O {[%emt 0:00:02]} O-O {[%emt 0:00:06]} 8. Qc2 {[%emt 0:00:03]} d6 {[%emt 0:00:13]} 9. a3 {[%emt 0:00:07]} Bxc3 {[%emt 0:00:01]} 10. Qxc3 {[%emt 0:00:04]} Nbd7 {[%emt 0:00:07]} 11. b4 {[%emt 0:00:04]} Ne4 {[%emt 0:00:02]} 12. Qc2 {[%emt 0:00:03]} Rf6 {[%emt 0:00:16]} 13. Bb2 {[%emt 0:00:07]} Rg6 {[%emt 0:00:21]} 14. Ne1 {[%emt 0:00:37]} Qh4 {[%emt 0:02:41]} 15. f3 {[%emt 0:00:40]} Ng5 {[%emt 0:00:39]} 16. d5 {[%emt 0:03:09]} Rh6 {[%emt 0:03:59]} 17. g3 {[%emt 0:00:27]} Nh3+ {[%emt 0:01:01]} 18. Kh1 {[%emt 0:00:11]} Qh5 {[%emt 0:00:33]} 19. dxe6 {[%emt 0:00:22]} Rxe6 {[%emt 0:01:07]} 20. Bxf5 {[%emt 0:03:07]} Rxe3 {[%emt 0:01:02]} 21. Bxd7 {[%emt 0:01:42]} Rxf3 {[%emt 0:00:35]} 22. Nxf3 {[%emt 0:00:55]} Bxf3+ {[%emt 0:00:17]} 23. Rxf3 {[%emt 0:00:03]} Qxf3+ {[%emt 0:00:02]} 24. Qg2 {[%emt 0:00:02]} Nf2+ {[%emt 0:01:47]} 25. Kg1 {[%emt 0:00:04]} Rf8 {[%emt 0:02:42]} 26. Qxf3 {[%emt 0:00:09]} Rxf3 {[%emt 0:00:05]} 27. Rf1 {[%emt 0:00:12]} 1-0

[Event "African Games Rapid Open 2019"]
[Site "Casablanca"]
[Date "2019.08.27"]
[Round "9.16"]
[White "Beukes, Dante M"]
[Black "Rita, Jeorciley"]
[Result "1-0"]
[WhiteElo "2130"]
[BlackElo "1920"]
[Annotator "NA"]
[PlyCount "86"]
[EventDate "2019.08.26"]
[EventType "team-tourn"]
[EventCountry "MAR"]
[SourceTitle "playchess.com"]
[Source "ChessBase"]
[SourceQuality "1"]
[TimeControl "900+10"]

1. e4 {[%emt 0:00:00]} e5 {[%emt 0:00:00]} 2. Nf3 {[%emt 0:00:02]} Nf6 {[%emt 0:00:00]} 3. Nxe5 {[%emt 0:00:10]} d6 {[%emt 0:00:00]} 4. Nf3 {[%emt 0:00:03]} Nxe4 {[%emt 0:00:00]} 5. d4 {[%emt 0:00:11]} d5 {[%emt 0:00:02]} 6. Bd3 {[%emt 0:00:02]} Bf5 {[%emt 0:00:12]} 7. O-O {[%emt 0:00:08]} Bd6 {[%emt 0:00:03]} 8. Re1 {[%emt 0:00:59]} O-O {[%emt 0:00:05]} 9. Nbd2 {[%emt 0:00:02]} Re8 {[%emt 0:00:47]} 10. c3 {[%emt 0:01:14]} c6 {[%emt 0:00:16]} 11. Qc2 {[%emt 0:01:20]} Nxd2 {[%emt 0:01:46]} 12. Rxe8+ {[%emt 0:00:27]} Qxe8 {[%emt 0:00:05]} 13. Bxd2 {[%emt 0:00:29]} Bxd3 {[%emt 0:00:13]} 14. Qxd3 {[%emt 0:00:01]} f6 {[%emt 0:00:10]} 15. Re1 {[%emt 0:00:13]} Qf7 {[%emt 0:00:02]} 16. Nh4 {[%emt 0:01:01]} g6 {[%emt 0:00:07]} 17. Qe2 {[%emt 0:00:55]} Na6 {[%emt 0:00:35]} 18. Qe6 {[%emt 0:00:50]} Rd8 {[%emt 0:00:03]} 19. Nf3 {[%emt 0:00:34]} Nc7 {[%emt 0:01:28]} 20. Qxf7+ {[%emt 0:00:32]} Kxf7 {[%emt 0:00:03]} 21. Re2 {[%emt 0:00:21]} Re8 {[%emt 0:01:00]} 22. Kf1 {[%emt 0:00:01]} Rxe2 {[%emt 0:00:09]} 23. Kxe2 {[%emt 0:00:02]} Ne6 {[%emt 0:00:40]} 24. g3 {[%emt 0:00:04]} g5 {[%emt 0:01:15]} 25. Ne1 {[%emt 0:01:08]} Kg6 {[%emt 0:01:29]} 26. Kf3 {[%emt 0:00:58]} Nf8 {[%emt 0:01:35]} 27. Nd3 {[%emt 0:01:24]} Nd7 {[%emt 0:00:09]} 28. b3 {[%emt 0:00:57]} h6 {[%emt 0:01:09]} 29. c4 {[%emt 0:01:11]} dxc4 {[%emt 0:01:20]} 30. bxc4 {[%emt 0:00:02]} c5 {[%emt 0:00:05]} 31. Ke4 {[%emt 0:00:56]} cxd4 {[%emt 0:00:37]} 32. Kxd4 {[%emt 0:00:20]} Be5+ {[%emt 0:00:41]} 33. Ke4 {[%emt 0:01:12]} Nb6 {[%emt 0:02:09]} 34. Nxe5+ {[%emt 0:00:43]} fxe5 {[%emt 0:00:05]} 35. c5 {[%emt 0:00:07]} Nd7 {[%emt 0:00:45]} 36. Kd5 {[%emt 0:01:00]} e4 {[%emt 0:00:51]} 37. Kd6 {[%emt 0:00:20]} Nf8 {[%emt 0:00:28]} 38. Be3 {[%emt 0:00:03]} Kf5 {[%emt 0:00:39]} 39. Kc7 {[%emt 0:00:26]} Ne6+ {[%emt 0:00:14]} 40. Kxb7 {[%emt 0:00:04]} a5 {[%emt 0:00:03]} 41. h3 {[%emt 0:00:26]} h5 {[%emt 0:00:09]} 42. c6 {[%emt 0:00:06]} g4 {[%emt 0:00:19]} 43. hxg4+ {[%emt 0:00:04]} hxg4 1-0

[Event "African Games Rapid Open 2019"]
[Site "Casablanca"]
[Date "2019.08.27"]
[Round "9.17"]
[White "Eichab, Charles"]
[Black "Amba, Oyon Marius Claude"]
[Result "1-0"]
[WhiteElo "2016"]
[BlackElo "1911"]
[Annotator "NA"]
[PlyCount "97"]
[EventDate "2019.08.26"]
[EventType "team-tourn"]
[EventCountry "MAR"]
[SourceTitle "playchess.com"]
[Source "ChessBase"]
[SourceQuality "1"]
[TimeControl "900+10"]

1. b3 {[%emt 0:00:08]} d5 {[%emt 0:00:00]} 2. e3 {[%emt 0:00:02]} c5 {[%emt 0:00:00]} 3. Bb2 {[%emt 0:00:02]} Nc6 {[%emt 0:00:02]} 4. Bb5 {[%emt 0:00:02]} Nf6 {[%emt 0:00:03]} 5. f4 {[%emt 0:00:15]} e6 {[%emt 0:00:14]} 6. Nf3 {[%emt 0:00:02]} Be7 {[%emt 0:00:01]} 7. Bxc6+ {[%emt 0:00:15]} bxc6 {[%emt 0:00:02]} 8. Ne5 {[%emt 0:00:02]} Qb6 {[%emt 0:00:16]} 9. O-O {[%emt 0:00:26]} a5 {[%emt 0:00:05]} 10. Nc3 {[%emt 0:00:37]} Ba6 {[%emt 0:00:33]} 11. d3 {[%emt 0:00:03]} Bb5 {[%emt 0:00:11]} 12. a4 {[%emt 0:01:07]} Ba6 {[%emt 0:00:02]} 13. Qf3 {[%emt 0:00:01]} Rc8 {[%emt 0:00:34]} 14. Ba3 {[%emt 0:03:10]} d4 {[%emt 0:01:18]} 15. Ne4 {[%emt 0:00:45]} Nxe4 {[%emt 0:00:04]} 16. Qxe4 {[%emt 0:00:38]} Qc7 {[%emt 0:01:28]} 17. exd4 cxd4 {[%emt 0:00:08]} 18. Bxe7 {[%emt 0:02:29]} Kxe7 {[%emt 0:00:10]} 19. Qxd4 {[%emt 0:00:10]} c5 {[%emt 0:00:41]} 20. Qc3 {[%emt 0:00:22]} Bb7 {[%emt 0:00:26]} 21. Rae1 {[%emt 0:00:33]} Rhe8 {[%emt 0:01:03]} 22. f5 {[%emt 0:00:37]} f6 {[%emt 0:00:25]} 23. fxe6 {[%emt 0:00:16]} Rf8 {[%emt 0:00:31]} 24. Nd7 {[%emt 0:00:49]} Qc6 {[%emt 0:01:15]} 25. Rf2 {[%emt 0:00:40]} h5 {[%emt 0:00:58]} 26. Nxf8 {[%emt 0:01:59]} Rxf8 {[%emt 0:00:02]} 27. Re4 {[%emt 0:00:18]} Qc7 {[%emt 0:00:25]} 28. Rc4 {[%emt 0:00:08]} Rc8 {[%emt 0:00:22]} 29. d4 {[%emt 0:00:03]} Qd6 {[%emt 0:00:42]} 30. Rxc5 {[%emt 0:00:09]} Qxe6 {[%emt 0:00:57]} 31. Rc7+ {[%emt 0:00:49]} Kd8 {[%emt 0:00:39]} 32. Rxc8+ {[%emt 0:00:04]} Bxc8 {[%emt 0:00:01]} 33. Qxa5+ {[%emt 0:00:14]} Ke7 {[%emt 0:00:27]} 34. Qc5+ {[%emt 0:00:39]} Kd8 {[%emt 0:00:17]} 35. d5 {[%emt 0:00:21]} Qe1+ {[%emt 0:00:06]} 36. Rf1 {[%emt 0:00:01]} Qd2 {[%emt 0:00:07]} 37. Qf8+ {[%emt 0:01:18]} Kc7 {[%emt 0:00:05]} 38. Qxg7+ {[%emt 0:00:09]} Bd7 {[%emt 0:00:03]} 39. Qxf6 {[%emt 0:00:22]} Qxd5 {[%emt 0:00:06]} 40. Qf4+ {[%emt 0:00:21]} Kd8 {[%emt 0:00:19]} 41. Qb8+ {[%emt 0:00:08]} Bc8 {[%emt 0:00:46]} 42. h3 {[%emt 0:00:29]} Qc5+ {[%emt 0:00:06]} 43. Kh1 {[%emt 0:00:09]} Ke7 {[%emt 0:00:07]} 44. Re1+ {[%emt 0:00:23]} Kf6 {[%emt 0:00:33]} 45. Qf4+ {[%emt 0:00:06]} Kg6 {[%emt 0:00:22]} 46. Re5 {[%emt 0:00:46]} Qa3 {[%emt 0:01:19]} 47. Rg5+ {[%emt 0:00:05]} Kh6 {[%emt 0:01:07]} 48. Qf6+ {[%emt 0:00:12]} Kh7 {[%emt 0:00:03]} 49. Qg7# 1-0

[Event "African Games Rapid Open 2019"]
[Site "Casablanca"]
[Date "2019.08.27"]
[Round "9.18"]
[White "Marie, Patrick"]
[Black "Sang, Ricky"]
[Result "0-1"]
[WhiteElo "1921"]
[BlackElo "1971"]
[Annotator "NA"]
[PlyCount "76"]
[EventDate "2019.08.26"]
[EventType "team-tourn"]
[EventCountry "MAR"]
[SourceTitle "playchess.com"]
[Source "ChessBase"]
[SourceQuality "1"]
[TimeControl "900+10"]

1. e4 {[%emt 0:00:00]} c5 {[%emt 0:00:00]} 2. Nf3 {[%emt 0:00:04]} d6 {[%emt 0:00:00]} 3. d4 {[%emt 0:00:02]} cxd4 {[%emt 0:00:00]} 4. Nxd4 {[%emt 0:00:02]} Nf6 {[%emt 0:00:00]} 5. Nc3 {[%emt 0:00:09]} a6 {[%emt 0:00:00]} 6. Be2 {[%emt 0:00:06]} e6 {[%emt 0:00:04]} 7. O-O {[%emt 0:00:04]} Be7 {[%emt 0:00:01]} 8. Be3 {[%emt 0:00:45]} O-O {[%emt 0:00:04]} 9. f4 {[%emt 0:01:25]} Nbd7 {[%emt 0:00:14]} 10. Bf3 {[%emt 0:00:13]} Qc7 {[%emt 0:00:05]} 11. Qe2 {[%emt 0:01:29]} Rb8 {[%emt 0:00:02]} 12. Rad1 {[%emt 0:00:31]} b5 {[%emt 0:00:02]} 13. a3 {[%emt 0:00:03]} Bb7 {[%emt 0:00:01]} 14. Nb3 {[%emt 0:01:45]} Nb6 {[%emt 0:00:43]} 15. Kh1 {[%emt 0:01:37]} Nc4 {[%emt 0:00:03]} 16. Bc1 {[%emt 0:00:02]} Rfc8 {[%emt 0:01:02]} 17. Nd4 {[%emt 0:00:22]} Nxa3 {[%emt 0:01:34]} 18. bxa3 {[%emt 0:00:58]} Qxc3 {[%emt 0:00:06]} 19. Rd3 {[%emt 0:00:04]} Qc7 {[%emt 0:00:10]} 20. e5 {[%emt 0:00:20]} Bxf3 {[%emt 0:01:25]} 21. Rdxf3 {[%emt 0:00:04]} Nd7 {[%emt 0:01:48]} 22. f5 {[%emt 0:00:42]} Nxe5 {[%emt 0:01:22]} 23. Rh3 {[%emt 0:00:55]} Qc4 {[%emt 0:00:40]} 24. fxe6 {[%emt 0:01:53]} Qxe2 {[%emt 0:00:52]} 25. exf7+ {[%emt 0:00:04]} Nxf7 {[%emt 0:00:07]} 26. Nxe2 {[%emt 0:00:06]} Rxc2 {[%emt 0:00:14]} 27. Nd4 {[%emt 0:00:09]} Rc4 {[%emt 0:00:54]} 28. Nf5 {[%emt 0:02:44]} Bf6 {[%emt 0:00:15]} 29. Ne3 {[%emt 0:00:24]} Rc5 {[%emt 0:01:05]} 30. Rhf3 {[%emt 0:00:39]} Ng5 {[%emt 0:00:55]} 31. Rg3 {[%emt 0:00:02]} Ne4 {[%emt 0:00:14]} 32. Rg4 {[%emt 0:00:23]} Nf2+ {[%emt 0:00:25]} 33. Rxf2 {[%emt 0:00:14]} Rxc1+ {[%emt 0:00:02]} 34. Nf1 {[%emt 0:00:05]} Be5 {[%emt 0:00:08]} 35. g3 {[%emt 0:00:07]} Rf8 {[%emt 0:00:13]} 36. Kg2 {[%emt 0:00:07]} Rxf2+ {[%emt 0:00:12]} 37. Kxf2 {[%emt 0:00:02]} Ra1 {[%emt 0:00:08]} 38. Ke3 {[%emt 0:00:25]} Rxf1 {[%emt 0:00:07]} 0-1

[Event "African Games Rapid Open 2019"]
[Site "Casablanca"]
[Date "2019.08.27"]
[Round "9.20"]
[White "Naipal, Hoolan"]
[Black "Asante Debesai Zerabruk"]
[Result "0-1"]
[WhiteElo "1785"]
[BlackElo "1712"]
[Annotator "NA"]
[PlyCount "46"]
[EventDate "2019.08.26"]
[EventType "team-tourn"]
[EventCountry "MAR"]
[SourceTitle "playchess.com"]
[Source "ChessBase"]
[SourceQuality "1"]
[TimeControl "900+10"]

1. e4 {[%emt 0:00:00]} d6 {[%emt 0:00:00]} 2. d4 {[%emt 0:00:00]} Nf6 {[%emt 0:00:00]} 3. Nc3 {[%emt 0:00:00]} Nbd7 {[%emt 0:00:00]} 4. Nf3 {[%emt 0:00:16]} e5 {[%emt 0:00:00]} 5. Bc4 {[%emt 0:00:48]} c6 {[%emt 0:00:02]} 6. a4 {[%emt 0:03:01]} Be7 {[%emt 0:00:04]} 7. O-O {[%emt 0:00:20]} Qc7 {[%emt 0:00:02]} 8. Qe2 {[%emt 0:01:09]} h6 {[%emt 0:00:06]} 9. Rd1 {[%emt 0:00:47]} Nf8 {[%emt 0:00:51]} 10. h3 {[%emt 0:00:11]} g5 {[%emt 0:00:02]} 11. Be3 {[%emt 0:01:37]} Ng6 {[%emt 0:00:09]} 12. Nh2 {[%emt 0:01:16]} Nf4 {[%emt 0:01:19]} 13. Bxf4 {[%emt 0:00:04]} gxf4 {[%emt 0:00:01]} 14. Kh1 {[%emt 0:01:26]} Bd7 {[%emt 0:02:41]} 15. a5 {[%emt 0:00:31]} Rg8 {[%emt 0:01:10]} 16. dxe5 {[%emt 0:01:41]} dxe5 {[%emt 0:00:02]} 17. Qf3 {[%emt 0:00:58]} Rg7 {[%emt 0:00:35]} 18. Bf1 {[%emt 0:01:42]} O-O-O {[%emt 0:01:32]} 19. a6 {[%emt 0:00:23]} b6 {[%emt 0:00:13]} 20. Rab1 {[%emt 0:00:47]} Rdg8 {[%emt 0:00:08]} 21. b4 {[%emt 0:00:24]} Nh7 {[%emt 0:00:40]} 22. Bc4 {[%emt 0:01:00]} b5 {[%emt 0:00:39]} 23. Bf1 {[%emt 0:00:17]} Ng5 {[%emt 0:00:04]} 0-1

[Event "African Games Rapid Open 2019"]
[Site "Casablanca"]
[Date "2019.08.27"]
[Round "9.23"]
[White "Kourakoumba, Florent"]
[Black "Winston Gerald, Mansfield Thomas"]
[Result "0-1"]
[WhiteElo "1677"]
[BlackElo "1872"]
[Annotator "NA"]
[PlyCount "80"]
[EventDate "2019.08.26"]
[EventType "team-tourn"]
[EventCountry "MAR"]
[SourceTitle "playchess.com"]
[Source "ChessBase"]
[SourceQuality "1"]
[TimeControl "900+10"]

1. e4 {[%emt 0:00:00]} e5 {[%emt 0:00:00]} 2. Bc4 {[%emt 0:00:00]} Nc6 {[%emt 0:00:00]} 3. c3 {[%emt 0:00:00]} d6 {[%emt 0:00:01]} 4. Ne2 {[%emt 0:00:06]} Nf6 {[%emt 0:00:05]} 5. d3 {[%emt 0:00:02]} Be7 {[%emt 0:00:07]} 6. O-O {[%emt 0:00:02]} O-O {[%emt 0:00:02]} 7. f4 {[%emt 0:00:05]} exf4 {[%emt 0:00:06]} 8. Nxf4 {[%emt 0:00:05]} a6 {[%emt 0:00:13]} 9. Bb3 {[%emt 0:00:05]} Na5 {[%emt 0:00:21]} 10. Bc2 {[%emt 0:00:02]} c5 {[%emt 0:00:06]} 11. Na3 {[%emt 0:00:07]} b5 {[%emt 0:00:09]} 12. d4 {[%emt 0:00:07]} Bb7 {[%emt 0:00:12]} 13. Qe2 {[%emt 0:00:15]} Qc7 {[%emt 0:00:36]} 14. Nh5 {[%emt 0:00:19]} cxd4 {[%emt 0:01:28]} 15. cxd4 {[%emt 0:00:09]} Nc4 {[%emt 0:00:40]} 16. e5 {[%emt 0:00:10]} dxe5 {[%emt 0:00:13]} 17. dxe5 {[%emt 0:00:03]} Qxe5 {[%emt 0:00:16]} 18. Qxe5 {[%emt 0:01:04]} Nxe5 {[%emt 0:00:02]} 19. Ng3 {[%emt 0:00:11]} Bc5+ {[%emt 0:00:32]} 20. Kh1 {[%emt 0:00:05]} Neg4 {[%emt 0:00:05]} 21. h3 {[%emt 0:01:44]} Nf2+ {[%emt 0:00:13]} 22. Kh2 {[%emt 0:00:14]} Rfe8 {[%emt 0:00:28]} 23. Bg5 {[%emt 0:00:03]} N6e4 {[%emt 0:01:08]} 24. Nxe4 {[%emt 0:00:23]} Nxe4 {[%emt 0:00:02]} 25. Bf4 {[%emt 0:00:22]} Nf6 {[%emt 0:00:26]} 26. Rac1 {[%emt 0:00:11]} Re2 {[%emt 0:00:20]} 27. Bxh7+ {[%emt 0:00:17]} Kxh7 {[%emt 0:00:05]} 28. Rxc5 {[%emt 0:00:01]} Rxg2+ {[%emt 0:00:04]} 29. Kh1 {[%emt 0:00:14]} Rc2+ {[%emt 0:00:13]} 30. Kg1 {[%emt 0:00:18]} Rxc5 {[%emt 0:00:02]} 31. Rf2 {[%emt 0:00:19]} Re8 {[%emt 0:00:08]} 32. Nc2 {[%emt 0:00:11]} Re4 {[%emt 0:00:49]} 33. Bg3 {[%emt 0:00:54]} Rg5 {[%emt 0:00:17]} 34. Kh2 {[%emt 0:00:04]} Kg8 {[%emt 0:00:15]} 35. a3 {[%emt 0:00:21]} Nh5 {[%emt 0:00:06]} 36. Bd6 {[%emt 0:00:13]} Rd5 {[%emt 0:00:10]} 37. Bb8 {[%emt 0:00:09]} Rd1 {[%emt 0:00:05]} 38. Nb4 {[%emt 0:00:36]} Ree1 {[%emt 0:00:11]} 39. Nd5 {[%emt 0:02:44]} Bxd5 {[%emt 0:00:03]} 40. Bg3 {[%emt 0:01:11]} Rh1# {[%emt 0:00:04]} 0-1